000 01343cad a22001815a 4500
001 L157608
008 130131e20121221xxk 000 0 eng d
035 _a(Sirsi) u157608
041 0 _aeng
245 0 0 _aPhillips and others v Francis
_h[electronic resource]
520 _a[2012] EWHC 3650 (Ch), 21 December 2012. Chalet lessees in a holiday park complex sought permission to appeal against CC judgement regarding the calculation of management charges and lack of consultation for qualifying works under the Landlord and Tenant Act 1985. The management charges should be limited to the actual fees charged to the lessors by professional agents. The works carried out by the lessors were qualifying works under the statutory definition of the Landlord and Tenant Act 1985. Held: CC decision overturned, appeal allowed. CC to recompute the cost of the qualifying works. CA [2014] EWCA 1395, 31 October 2014 (L158239) overturned HC Decision allowing appeal in part in relation to qualifying works but not in relation to management charges.
650 2 4 _aPHILLIPS V FRANCIS
650 2 4 _aLANDLORD AND TENANT ACT 1985 S20
651 4 _aEngland and Wales
_y1543-
690 _aLandlord and tenant
_96252
856 4 0 _uhttps://www.bailii.org/ew/cases/EWHC/Ch/2012/3650.html
_zView the law report free of charge at www.bailii.org
942 _n0
999 _c84418
_d84418